[Event "CZE-ch Seniors 60"]
[Site "Rychnov nad Kneznou"]
[Date "2015.08.16"]
[Round "2"]
[White "Pavlis, Jaromir"]
[Black "Dvorak, Eduard"]
[Result "1-0"]
[WhiteElo "1923"]
[BlackElo "1697"]
[PlyCount "34"]
[EventDate "2015.08.15"]
[EventType "swiss"]
[EventRounds "9"]
[EventCountry "CZE"]
[SourceTitle "EXT 2016"]
[Source "ChessBase"]
[SourceDate "2015.10.08"]
[SourceVersion "1"]
[SourceVersionDate "2015.10.08"]
[SourceQuality "1"]

1. d4 d5 2. Nf3 Nf6 3. Bf4 Bf5 4. e3 e6 5. Bd3 Bxd3 6. Qxd3 c6 7. Nbd2 Bd6 8. Bxd6 Qxd6 9. 0-0 Nbd7 10. c4 b6 11. cxd5 cxd5 12. Rfc1 0-0 13. Rc3 Rfc8 14. Rac1 Rxc3 15. Qxc3 h6 16. h3 b5 17. Qc6 Qb4 1-0

[Event "Rychnov Seniors op"]
[Site "Rychnov nad Kneznou"]
[Date "2012.08.21"]
[Round "2"]
[White "Zochowski, Janusz"]
[Black "Dvorak, Eduard"]
[Result "1-0"]
[WhiteElo "1936"]
[BlackElo "1855"]
[PlyCount "69"]
[EventDate "2012.08.20"]
[EventType "swiss"]
[EventRounds "9"]
[EventCountry "CZE"]
[SourceTitle "CBM 150 Extra"]
[Source "ChessBase"]
[SourceDate "2012.10.19"]
[SourceVersion "1"]
[SourceVersionDate "2012.10.19"]
[SourceQuality "1"]

1. e4 e5 2. Nf3 f5 3. exf5 e4 4. Qe2 Qe7 5. Nd4 c5 6. Nb5 d5 7. d3 a6 8. N5c3 Nf6 9. Bg5 Qe5 10. Nd2 Bxf5 11. Bxf6 gxf6 12. dxe4 dxe4 13. Ndxe4 Be6 14. 0-0-0 Nc6 15. Qh5+ Qxh5 16. Nxf6+ Kf7 17. Nxh5 Bh6+ 18. Kb1 Nd4 19. Ng3 Rhg8 20. Bd3 Rad8 21. Bxh7 Rg7 22. Be4 b6 23. Nce2 Rg5 24. c3 Bg7 25. cxd4 cxd4 26. Nf4 Bc4 27. b3 Bb5 28. Nd3 a5 29. h4 Bxd3+ 30. Rxd3 Rb5 31. Rc1 Be5 32. Rc4 Kf8 33. Nf5 Bh8 34. g4 a4 35. Rxa4 1-0

[Event "Rychnov op"]
[Site "Rychnov nad Kneznou"]
[Date "2010.08.25"]
[Round "3"]
[White "Dvorak, Eduard"]
[Black "Tsapanidis, Vasilis"]
[Result "0-1"]
[WhiteElo "1886"]
[BlackElo "1796"]
[PlyCount "136"]
[EventDate "2010.08.23"]
[EventType "swiss"]
[EventRounds "7"]
[EventCountry "CZE"]
[SourceTitle "CBM 138 Extra"]
[Source "ChessBase"]
[SourceDate "2010.10.29"]
[SourceVersion "1"]
[SourceVersionDate "2010.10.29"]
[SourceQuality "1"]

1. e4 g6 2. Nf3 Bg7 3. d4 d6 4. Be3 f5 5. Bd3 fxe4 6. Bxe4 Nf6 7. Bd3 0-0 8. c3 b6 9. Qc2 Qe8 10. Nbd2 Bb7 11. Nh4 Ng4 12. 0-0 Nd7 13. Rae1 e5 14. h3 Nxe3 15. Rxe3 Qe7 16. Nhf3 Bh6 17. Re2 Bxd2 18. Nxd2 Qg5 19. Ne4 Qh4 20. Ng3 Rf4 21. Bxg6 hxg6 22. Qxg6+ Kh8 23. Nh5 Qe7 24. Nxf4 Rg8 25. Qh5+ Qh7 26. Qxh7+ Kxh7 27. dxe5 dxe5 28. Rd2 Nf6 29. f3 exf4 30. Kf2 Nd5 31. Rd4 c5 32. Rd2 Rg7 33. Rg1 c4 34. Rd4 b5 35. a4 a6 36. axb5 axb5 37. Ra1 Ne3 38. Rxf4 Nxg2 39. Rf5 Kh6 40. Rxb5 Nf4 41. Ke3 Ng2+ 42. Kf2 Nh4 43. Rb6+ Kh7 44. Rf6 Rg2+ 45. Ke3 Rxb2 46. Ra7 Kg7 47. Rc6 Kf8 48. Rc7 Nf5+ 49. Kf4 Nd6 50. Rh7 Rb5 51. Kg4 Bc8+ 52. Kg3 Bb7 53. Rh8+ Ke7 54. h4 Ke6 55. h5 Rf5 56. Rh6+ Kd7 57. Kg4 Rf7 58. Rg6 Kc8 59. Rg8+ Kc7 60. h6 Kb6 61. Ra4 Bxf3+ 62. Kg3 Bc6 63. Rb4+ Kc7 64. Rb1 Nf5+ 65. Kh2 Nxh6 66. Rg6 Nf5 67. Kg1 Nh4 68. Kh2 Nxg6 0-1